000 01454nam a2200337Ia 4500
001 ebr10359146
003 CaPaEBR
006 m u
007 cr cn|||||||||
008 090619s2009 enk sb 001 0 eng d
020 _z1845119975 (pbk.)
020 _z9781845119973 (pbk.)
040 _aCaPaEBR
_cCaPaEBR
035 _a(OCoLC)586098204
050 1 4 _aDS95.6.I7
_bG66 2009eb
100 1 _aGoodarzi, Jubin M.
245 1 0 _aSyria and Iran
_h[electronic resource] :
_bdiplomatic alliance and power politics in the Middle East /
_cJubin M. Goodarzi.
250 _aNew ed.
260 _aLondon ;
_aNew York :
_bI.B. Tauris ;
_aNew York :
_bDistributed in the U.S. and Canada exclusively by Palgrave Macmillan,
_c2009.
300 _axv, 359 p.
500 _aPrevious ed.: Tauris Academic Studies, 2006.
504 _aIncludes bibliographical references and index.
533 _aElectronic reproduction.
_bPalo Alto, Calif. :
_cebrary,
_d2010.
_nAvailable via World Wide Web.
_nAccess may be limited to ebrary affiliated libraries.
650 0 _aInternational relations
_xHistory.
651 0 _aIran
_xForeign relations
_zSyria.
651 0 _aMiddle East
_xPolitics and government
_y1979-
651 0 _aSyria
_xForeign relations
_zIran.
655 7 _aElectronic books.
_2local
710 2 _aebrary, Inc.
856 4 0 _uhttp://site.ebrary.com/lib/rucke/Doc?id=10359146
_zAn electronic book accessible through the World Wide Web; click to view
999 _c104673
_d104673